[Event "Club Championships"]
[Site "Wellington Chess Club"]
[Date "2012.10.04"]
[Round "10"]
[White "Theodosiou, Andreas"]
[Black "Sknar, Andrew"]
[Result "0-1"]
[WhiteElo "1232"]
[BlackElo "1427"]

1. e4 e5 2. Nf3 d6 3. Bc4 Qf6 4. d3 c5 5. Bg5 Qg6 6. Qd2 h6 7. Bh4 Qxg2 8. Rg1
Qxf3 9. Qa5 b6 10. Qb5+ Bd7 11. Qb3 Nc6 12. Nd2 Qh5 13. Bg3 Nd4 14. Bxf7+ Qxf7
15. Qxf7+ Kxf7 16. Rc1 Bg4 17. f3 Bxf3 18. Nxf3 Nxf3+ 19. Kf2 Nxg1 20. Rxg1 Nf6
21. Rf1 Be7 22. c3 b5 23. Ke3 Ke6 24. d4 Rhf8 25. Rd1 Ng4+ 26. Kd3 Rf2 27. dxc5
dxc5 28. c4 Rd8+ 0-1

[Event "Club Championships"]
[Site "Wellington Chess Club"]
[Date "2012.10.11"]
[Round "1"]
[White "Farrington, Lawrence"]
[Black "Miriyala, Rama Rao"]
[Result "0-1"]
[WhiteElo "1751"]
[BlackElo "1947"]

1. e4 c6 2. d4 d5 3. exd5 cxd5 4. c4 Bf5 5. Nc3 Nf6 6. Bg5 Ne4 7. Nxe4 Bxe4 8.
Nf3 Nc6 9. Rc1 Qa5+ 10. Bd2 Qxa2 11. cxd5 Bxd5 12. Bc3 e6 13. Bb5 Bd6 14. O-O
O-O 15. Bd3 Qb3 16. Qe2 Rfc8 17. Ng5 g6 18. f4 Rc7 19. Qg4 f5 20. Qh4 Rac8 21.
Rfe1 Nxd4 22. Bxd4 Qxd3 23. Bg7 h5 (23... Kxg7 24. Qxh7+ Kf6) 24. Rxc7 Bxc7 25.
Be5 Bb6+ 26. Kh1 Rc2 0-1

[Event "Club Championships"]
[Site "Wellington Chess Club"]
[Date "2012.10.11"]
[Round "1"]
[White "Stracy, Don"]
[Black "Aldridge, Alan"]
[Result "0-1"]
[WhiteElo "1828"]
[BlackElo "1959"]

1. e4 e5 2. Nf3 Nc6 3. Bb5 a6 4. Ba4 Nf6 5. O-O Be7 6. Re1 b5 7. Bb3 O-O 8. a4
Bb7 9. d3 d6 10. Nc3 Na5 11. Ba2 b4 12. Ne2 Rb8 13. Ng3 Bc8 14. h3 c5 15. Nd2
Nc6 16. Nc4 Nd4 17. f4 exf4 18. Bxf4 Be6 19. c3 Nc6 20. e5 Nd5 21. exd6 Bf6 22.
Be5 Nxe5 23. Nxe5 Qxd6 24. d4 bxc3 25. Ne4 Qc7 26. Nxf6+ Nxf6 27. Bxe6 fxe6 28.
bxc3 cxd4 29. cxd4 Rb2 30. Rc1 Qb7 31. Re2 Nd5 32. Rxb2 Qxb2 33. Rc2 Qb3 34.
Rd2 Qg3 35. Rd3 Ne3 36. Qd2 0-1

[Event "Club Championships"]
[Site "Wellington Chess Club"]
[Date "2012.10.11"]
[Round "6"]
[White "Forster, Bill"]
[Black "Ker, Anthony"]
[Result "0-1"]
[WhiteElo "2049"]
[BlackElo "2449"]

1. e4 d6 2. Nc3 g6 3. f4 Bg7 4. Nf3 c5 5. Be2 Nc6 6. O-O e6 7. Qe1 Nd4 8. Bd1
Ne7 9. d3 Nec6 10. Ne2 O-O 11. Nexd4 Nxd4 12. c3 Nxf3+ 13. Bxf3 Bd7 14. Be3 Rc8
15. Qd2 Qa5 16. d4 Rfd8 17. Rfd1 Bc6 18. Qf2 cxd4 19. Bxd4 Bxd4 20. Qxd4 e5 21.
Qd2 exf4 22. Rf1 g5 23. Kh1 Rc7 24. Qd4 Re7 25. b4 Qe5 26. Qxa7 Qxc3 27. Rac1
Qe5 28. Rfd1 Bxe4 29. Rc5 d5 30. Bxe4 Qxe4 31. Rb5 Qe2 32. Rdxd5 Rxd5 33. Rxd5
Qf1+ 34. Qg1 Re1 35. Rxg5+ Kf8 0-1

[Event "Club Championships"]
[Site "Wellington Chess Club"]
[Date "2012.10.18"]
[Round "?"]
[White "Stone, Andrew"]
[Black "Forster, Bill"]
[Result "0-1"]
[WhiteElo "2033"]
[BlackElo "2049"]

1. e4 d6 2. d4 Nf6 3. Nc3 c6 4. f4 Qa5 5. Bd3 e5 6. Nf3 Bg4 7. fxe5 dxe5 8.
dxe5 Bxf3 9. Qxf3 Qxe5 10. Bf4 Qe6 11. O-O-O Bb4 12. Nd5 cxd5 13. exd5 Qg4 14.
Qe3+ Kd8 15. Bxb8 Rxb8 16. Qxa7 Qf4+ 17. Kb1 Re8 18. a3 Bd6 19. c4 Qe3 20. Qa5+
b6 21. Qa4 Qc5 22. b4 Qd4 23. Qc6 Be5 24. Rd2 Rc8 25. Bf5 Qa1+ 26. Kc2 Qc3+ 27.
Kd1 Rxc6 28. dxc6+ Kc7 0-1

[Event "Club Championships"]
[Site "Wellington Chess Club"]
[Date "2012.10.18"]
[Round "5"]
[White "Pomeroy, Arthur"]
[Black "Jackson, Ross"]
[Result "1/2-1/2"]
[WhiteElo "2111"]
[BlackElo "2026"]

1. e4 e5 2. Nf3 Nc6 3. Bb5 d6 4. d4 exd4 5. Qxd4 Bd7 6. Bxc6 Bxc6 7. Nc3 Nf6 8.
Bg5 Be7 9. O-O-O O-O 10. Rhe1 h6 11. Bh4 Re8 12. Kb1 a5 13. h3 a4 14. Bg3 Qc8
15. Nh4 Nh5 16. Nd5 Bxd5 17. exd5 Nxg3 18. fxg3 Bxh4 19. Qxh4 1/2-1/2

[Event "Club Championships"]
[Site "Wellington Chess Club"]
[Date "2012.10.18"]
[Round "7"]
[White "Nijman, Brian"]
[Black "Dive, Russell"]
[Result "0-1"]
[WhiteElo "2156"]
[BlackElo "2437"]

1. e4 e5 2. c3 Nf6 3. d4 Nxe4 4. dxe5 d5 5. exd6 Nxd6 6. Bd3 Nc6 7. Nf3 Bg4 8.
O-O Be7 9. Nbd2 O-O 10. Qc2 h6 11. h3 Be6 12. Re1 Qd7 13. Ne4 Nxe4 14. Bxe4
Rad8 15. Bf4 f5 16. Bxc6 Qxc6 17. Bxc7 Rd5 18. Qe2 Rf6 19. Nd4 Rxd4 20. cxd4
Rg6 21. Bg3 f4 22. d5 Qxd5 23. Rad1 Qc6 24. Rc1 Qa4 25. b3 Qd4 26. Rcd1 Qf6 27.
Qxe6+ Qxe6 28. Rxe6 Rxe6 29. Bxf4 Re2 30. Rd7 Bc5 31. Be3 Bxe3 32. fxe3 Rxa2
33. Rxb7 Kh7 34. e4 a5 35. Rb5 Kg6 36. Kh2 a4 37. Kg3 Ra3 38. Rb6+ Kf7 39. Kf4
Rxb3 40. Ra6 a3 41. Ra7+ Kg6 42. Ra5 Rc3 43. h4 h5 44. Ra6+ Kh7 45. Ra4 Kh6 46.
g4 Rh3 47. Ra6+ g6 48. g5+ Kg7 49. Ke5 Rb3 50. Ra7+ Kf8 51. Ra6 Ke7 52. Rxg6 $4
Rb5+ 53. Kd4 Ra5 0-1

[Event "Club Championships"]
[Site "Wellington Chess Club"]
[Date "2012.10.18"]
[Round "7"]
[White "Nyberg, Michael"]
[Black "Stoeveken, Peter"]
[Result "1/2-1/2"]
[WhiteElo "2074"]
[BlackElo "1917"]

1. e4 Nc6 2. d3 e5 3. Be2 Nf6 4. Nf3 d5 5. Nbd2 Bg4 6. c3 Be7 7. Qc2 Bc5 8. b4
Bb6 9. a4 a5 10. b5 Ne7 11. Ba3 Ng6 12. h3 Be6 13. exd5 Nxd5 14. Nc4 Ba7 15.
O-O Ndf4 16. Rfe1 Nh4 17. Nxh4 Qxh4 18. Bf3 Nxd3 19. Qxd3 Bxf2+ 20. Kf1 Bxe1
21. Rxe1 Qxc4 22. Qxc4 Bxc4+ 23. Kf2 O-O-O 24. Rxe5 Rhe8 25. Rc5 Bb3 26. b6 c6
27. Rxa5 Bd5 28. Bg4+ Be6 29. Bf3 g6 30. Bc1 Bd5 31. Bg5 Rd6 32. Bf4 Rf6 33.
Bc7 Bxf3 34. gxf3 Rfe6 35. Ra8+ Kd7 36. Ra7 Kc8 37. c4 Re2+ 38. Kg3 Ra2 39. a5
f5 40. Ra8+ Kd7 41. Ra7 Kc8 42. c5 g5 43. h4 h6 44. Ra8+ Kd7 45. Ra7 Kc8 46.
hxg5 (46. Ra8+ Kd7) 46... hxg5 47. Ra8+ Kd7 48. Ra7 Re1 49. Rxb7 Rg1+ 50. Kh3
Rh1+ 51. Kg3 Rg1+ 52. Kh3 {and lots more repeating of moves took place} 1/2-1/2

[Event "Club Championships"]
[Site "Wellington Chess Club"]
[Date "2012.10.25"]
[Round "5"]
[White "Sellen, Ian"]
[Black "Forster, Bill"]
[Result "1-0"]
[WhiteElo "2039"]
[BlackElo "2049"]

1. c4 Nf6 2. g3 c6 3. Bg2 d5 4. cxd5 cxd5 5. d4 Bf5 6. Nc3 e6 7. Nf3 h6 8. Qb3
b6 9. Ne5 Be7 10. Qb5+ Kf8 11. O-O Qe8 12. Qxe8+ Kxe8 13. Nb5 Na6 14. Nc6 Kd7
15. Nxe7 Kxe7 16. Bf4 Rhd8 17. Rac1 Rd7 18. a3 Ne8 19. h4 Kd8 20. f3 Nac7 21.
Nxc7 Nxc7 22. e4 Bg6 23. Rfd1 Rc8 24. Kf2 Nb5 25. Rxc8+ Kxc8 26. Ke3 Nd6 27. b3
Ne8 28. Bf1 Nf6 29. Bb5 Rd8 30. Rc1+ Kb7 31. Rc7+ Kb8 32. Rxf7+ Kc8 33. Ba6#
1-0

[Event "Club Championships"]
[Site "Wellington Chess Club"]
[Date "2012.10.25"]
[Round "6"]
[White "Dive, Russell"]
[Black "Stone, Andrew"]
[Result "1-0"]
[WhiteElo "2437"]
[BlackElo "2033"]

1. Nf3 c5 2. c4 Nc6 3. Nc3 g6 4. a3 Bg7 5. Rb1 d6 6. d3 Bf5 7. Bd2 e5 8. b4
Nge7 9. bxc5 dxc5 10. Rxb7 O-O 11. Rb5 Qd6 12. Ng5 Nd4 13. Nce4 Qa6 14. Ra5 Qb6
15. e3 Bxe4 16. Nxe4 Ne6 17. Rb5 Qc6 18. Be2 Rab8 19. Qb3 Rb6 20. O-O f5 21.
Nc3 f4 22. Bf3 Qd6 23. Nd5 Rxb5 24. Qxb5 Nf5 25. Bg4 Rb8 26. Qa5 Rb3 27. Bc3 a6
28. Qa4 Rb8 29. Qc2 Nc7 30. Bxf5 Nxd5 31. cxd5 gxf5 32. e4 Qg6 33. Rb1 Rb5 34.
Kh1 Qb6 35. Rb2 Kf7 36. f3 Ke7 37. a4 Rxb2 38. Qxb2 Qxb2 39. Bxb2 Kd6 40. Kg1
Kc7 41. Kf2 Kb6 42. Bc3 Bf6 43. Ke2 h5 44. Kd2 Bg7 45. Kc2 fxe4 46. fxe4 Bf6
47. Kb3 Kc7 48. Kc4 Kd6 49. Ba5 Bh4 50. Bb6 Bf2 51. Ba7 Bg1 52. h3 Bd4 53. Bb8+
Kd7 54. d6 Kc6 55. d7 Kxd7 56. Kd5 Kc8 57. Bxe5 1-0

[Event "Club Championships"]
[Site "Wellington Chess Club"]
[Date "2012.10.25"]
[Round "9"]
[White "Aldridge, Alan"]
[Black "Farrington, Lawrence"]
[Result "1-0"]
[WhiteElo "1959"]
[BlackElo "1751"]

1. d4 d5 2. c4 Nc6 3. Nc3 dxc4 4. Nf3 Bg4 5. e3 e5 6. d5 Bxf3 7. Qxf3 Nb4 8.
Qd1 Nd3+ 9. Bxd3 cxd3 10. Qxd3 a6 11. O-O Nf6 12. Bd2 c6 13. e4 cxd5 14. exd5
Bd6 15. Bg5 O-O 16. Ne4 Qe7 17. Nxf6+ gxf6 18. Bh6 e4 19. Bxf8 Rxf8 20. Qh3 Kh8
21. Rac1 Qe5 22. b3 f5 23. Qc3 f6 24. Qxe5 fxe5 25. Rc4 Kg7 26. Rfc1 Kf6 27.
Rc8 Rf7 28. Re8 Rd7 29. h4 f4 30. g4 Ba3 31. Rd1 Bc5 32. Re6+ Kf7 33. Rxe5 Re7
34. Rf5+ Kg6 35. d6 Rd7 36. Rxc5 1-0

[Event "Club Championships"]
[Site "Wellington Chess Club"]
[Date "2012.11.01"]
[Round "5"]
[White "Ker, Anthony"]
[Black "Dive, Russell"]
[Result "1-0"]
[WhiteElo "2449"]
[BlackElo "2437"]

1. e4 Nf6 2. e5 Nd5 3. d4 d6 4. Nf3 Bg4 5. h3 Bh5 6. Be2 e6 7. O-O Be7 8. c4
Nb6 9. Be3 O-O 10. Nc3 a5 11. b3 N8d7 12. Re1 a4 13. exd6 cxd6 14. bxa4 Qc7 15.
Qb3 Rfc8 16. Rec1 Bg6 17. Nd2 e5 18. Bf3 exd4 19. Bxd4 Nc5 20. Bxc5 dxc5 21.
Be4 Bg5 22. Rd1 Bxd2 23. Rxd2 Bxe4 24. Nxe4 Rxa4 25. Nd6 Rca8 26. Rad1 h6 27.
Qb1 Rb4 28. Qe4 Na4 29. Nb5 Rxb5 30. Rd7 Qb6 31. cxb5 Rf8 1-0

[Event "Club Championships"]
[Site "Wellington Chess Club"]
[Date "2012.11.01"]
[Round "5"]
[White "Stone, Andrew"]
[Black "Stoeveken, Peter"]
[Result "1-0"]
[WhiteElo "2036"]
[BlackElo "1917"]

1. e4 e6 2. d4 d5 3. Nc3 c5 4. exd5 Qb6 5. Be3 Qxb2 6. Nb5 Kd8 7. d6 Nd7 8. Rb1
Qxa2 9. Ra1 Qb2 10. Bd2 a6 11. Bc3 1-0

[Event "Julian Mazur Memorial"]
[Site "Wellington Chess Club"]
[Date "2012.11.01"]
[Round "1"]
[White "Aldridge, Alan"]
[Black "Veldhuizen, Matt"]
[Result "1-0"]
[WhiteElo "1959"]
[BlackElo "1573"]

1. e4 c6 2. d4 d5 3. exd5 cxd5 4. c4 Nf6 5. Nc3 e6 6. Nf3 Nc6 7. Bd3 Be7 8. O-O
O-O 9. h3 h6 10. Be3 Nb4 11. Be2 b6 12. a3 Nc6 13. Rc1 Ba6 14. Qa4 Na5 15. b4
Bxc4 16. bxa5 Bxe2 17. Nxe2 bxa5 18. Ne5 Bd6 19. Nc6 Qb6 20. Rb1 Qa6 21. Qb5
Qxb5 22. Rxb5 a4 23. Nb4 a5 24. Nc2 Rfc8 25. Rc1 Ne4 26. f3 Nc3 27. Nxc3 Rxc3
28. Bd2 Rc4 29. Rb6 Bf8 30. Rbb1 Rac8 31. Ne3 Rxc1+ 32. Rxc1 Rxc1+ 33. Bxc1 Bd6
34. Nd1 Bc7 35. Kf1 Kf8 36. Ke2 Ke7 37. Nc3 Kd6 38. Nxa4 Kc6 39. Kd3 Kb5 40.
Nc3+ Kc6 41. a4 f6 42. Ba3 h5 43. Bf8 g6 44. Bg7 f5 45. Nb5 Bb6 46. Bf6 Kd7 47.
Ke3 Bc7 48. Nxc7 Kxc7 49. Kf4 Kd7 50. Ke5 1-0

[Event "Julian Mazur Memorial"]
[Site "Wellington Chess Club"]
[Date "2012.11.01"]
[Round "1"]
[White "Brockway, Andrew"]
[Black "Sampathkumar, Shyamkumar"]
[Result "1-0"]
[WhiteElo "1798"]
[BlackElo "1301"]

1. e4 e5 2. Nf3 Nc6 3. Bb5 Nd4 4. Nxd4 exd4 5. O-O c6 6. Be2 h5 7. d3 Nf6 8.
Bg5 Be7 9. Nd2 d5 10. Bxf6 Bxf6 11. Bxh5 Qc7 12. exd5 g6 13. Re1+ Kd8 14. Qf3
Bg5 15. d6 Qd7 16. Ne4 Rxh5 17. Nxg5 f5 18. Ne6+ Qxe6 19. Rxe6 Bxe6 20. Re1 Bd5
21. Qe2 Rh8 22. Qe7+ Kc8 23. Qc7# 1-0

[Event "Julian Mazur Memorial"]
[Site "Wellington Chess Club"]
[Date "2012.11.01"]
[Round "1"]
[White "Cook, John"]
[Black "Forster, Bill"]
[Result "0-1"]
[WhiteElo "1611"]
[BlackElo "2049"]

1. d4 d6 2. d5 e5 3. e4 f5 4. Bd3 Nf6 5. Bg5 Be7 6. Bxf6 Bxf6 7. exf5 e4 8.
Qh5+ Kf8 9. Nc3 exd3 10. cxd3 Qe8+ 11. Qxe8+ Kxe8 12. g4 g6 13. Nb5 Kd8 14.
fxg6 hxg6 15. f3 Bxb2 16. Rb1 Be5 17. Rc1 Na6 18. h3 Nc5 19. Rd1 Bd7 20. d4
Bg3+ 21. Kd2 Bxb5 22. dxc5 Re8 23. cxd6 cxd6 24. h4 Rc8 25. Nh3 Re2# 0-1

[Event "Julian Mazur Memorial"]
[Site "Wellington Chess Club"]
[Date "2012.11.01"]
[Round "1"]
[White "List, Robert"]
[Black "Wilkins, Mark"]
[Result "0-1"]
[WhiteElo "1539"]
[BlackElo "1917"]

1. e4 d5 2. e5 c5 3. c3 Bf5 4. d4 Nc6 5. Nf3 e6 6. Be3 cxd4 7. cxd4 Qb6 8. b3
Bb4+ 9. Nbd2 Nge7 10. Be2 Ba3 11. Nh4 Bb2 12. Nxf5 Nxf5 13. Rb1 Bxd4 14. Bxd4
Nfxd4 15. O-O Nxe5 16. Kh1 O-O 17. f4 Nxe2 18. fxe5 Nc3 19. Qc2 Nxb1 20. Qxb1
Rac8 21. Rf4 Qe3 22. Rh4 h6 23. Qd1 Rc2 0-1

[Event "Julian Mazur Memorial"]
[Site "Wellington Chess Club"]
[Date "2012.11.01"]
[Round "1"]
[White "Pomeroy, Arthur"]
[Black "Whittle, Jonathon"]
[Result "1-0"]
[WhiteElo "2111"]
[BlackElo "1637"]

1. e4 g6 2. d4 Bg7 3. Nc3 d6 4. f4 e6 5. Nf3 Nd7 6. Be3 c5 7. Be2 a6 8. O-O Ne7
9. a4 b6 10. Qe1 Bb7 11. Rd1 Nf6 12. dxc5 Nxe4 13. Nxe4 Bxe4 14. cxd6 Nd5 15.
Bd4 O-O 16. Bxg7 Kxg7 17. Ng5 Bxc2 18. Rxd5 exd5 19. Qc3+ Kg8 20. Qxc2 Qxd6 21.
Qd2 b5 22. axb5 axb5 23. f5 Qb6+ 24. Kh1 Rad8 25. Nf3 d4 26. Bd3 Rd6 27. Ne5
Kg7 28. Ng4 gxf5 29. Bxf5 Kh8 30. Bd3 h5 31. Ne5 Rf6 32. Nd7 Rxf1+ 33. Bxf1 1-0

[Event "Julian Mazur Memorial"]
[Site "Wellington Chess Club"]
[Date "2012.11.01"]
[Round "1"]
[White "Sellen, Ian"]
[Black "Marney, John"]
[Result "1-0"]
[WhiteElo "2039"]
[BlackElo "1610"]

1. c4 Nf6 2. g3 e6 3. Bg2 d5 4. Nf3 Be7 5. O-O O-O 6. d4 c5 7. cxd5 Nxd5 8. e4
Nf6 9. Nc3 Nc6 10. d5 exd5 11. exd5 Nb4 12. Ne5 Bf5 13. g4 Bd7 14. a3 Na6 15.
d6 Bxg4 16. dxe7 Qxe7 17. Nxg4 Rad8 18. Nxf6+ Qxf6 19. Qf3 Qe7 20. Nd5 Qd7 21.
Nf6+ gxf6 22. Bh6 1-0

[Event "Julian Mazur Memorial"]
[Site "Wellington Chess Club"]
[Date "2012.11.01"]
[Round "1"]
[White "Sknar, Andrew"]
[Black "Hewson, Michael"]
[Result "0-1"]
[WhiteElo "1427"]
[BlackElo "1857"]

1. e4 e6 2. d4 d5 3. e5 c5 4. Nf3 Nc6 5. Be3 Qb6 6. b3 Nh6 7. a4 a5 8. Na3 Nf5
9. Bd2 Nfxd4 10. Nxd4 Nxd4 11. Bb5+ Bd7 12. Bxd7+ Kxd7 13. O-O Be7 14. Rb1 f6
15. c3 Nc6 16. c4 d4 17. Qg4 Nxe5 18. Qxg7 Rag8 19. Qh6 Rg6 20. Qh3 Rhg8 21. g3
Nf3+ 22. Kg2 Qc6 23. Qxh7 Ne1+ 24. Kh3 Qg2+ 25. Kh4 Qxh2# 0-1

[Event "Julian Mazur Memorial"]
[Site "Wellington Chess Club"]
[Date "2012.11.01"]
[Round "1"]
[White "Theodosiou, Andreas"]
[Black "Timergazi, Layla"]
[Result "0-1"]
[WhiteElo "1232"]
[BlackElo "1755"]

1. e4 c6 2. Nf3 d5 3. Nc3 dxe4 4. Nxe4 Bg4 5. Bc4 e6 6. d3 Nf6 7. Bg5 Be7 8.
Bxf6 Bxf6 9. Nxf6+ Qxf6 10. c3 Bxf3 11. Qxf3 Qxf3 12. gxf3 Nd7 13. d4 Ke7 14.
Kd2 Rad8 15. Rae1 Nb6 16. Bd3 Rd7 17. Re4 Rhd8 18. Rg1 g6 19. Rh4 c5 20. Rxh7
cxd4 21. c4 Kf6 22. c5 Nd5 23. Bb5 Rc7 24. Rc1 Rdc8 25. Kd3 Rxc5 26. Rxc5 Rxc5
27. Be8 Rc7 28. Kxd4 Nf4 29. Ke4 Nh5 30. a3 a6 31. b4 b5 32. a4 Ng7 33. axb5
Nxe8 34. bxa6 Ra7 35. b5 Nd6+ 0-1

[Event "Julian Mazur Memorial"]
[Site "Wellington Chess Club"]
[Date "2012.11.01"]
[Round "1"]
[White "Wastney, Scott"]
[Black "Farrington, Lawrence"]
[Result "1-0"]
[WhiteElo "2381"]
[BlackElo "1751"]

1. e4 e5 2. Nf3 Nf6 3. Nc3 Nc6 4. a3 Be7 5. d4 exd4 6. Nxd4 d6 7. Bb5 Bd7 8.
O-O O-O 9. Re1 Nxd4 10. Qxd4 Re8 11. h3 c6 12. Bf1 Be6 13. Bf4 Qb6 14. Qxb6
axb6 15. Rad1 Red8 16. Bh2 Ne8 17. Ne2 Bc4 18. Nd4 Bxf1 19. Kxf1 g6 20. c3 Bf6
21. Nc2 Be7 22. Nd4 Ng7 23. Re2 b5 24. Nb3 Rd7 25. Nc5 Rc7 26. Bxd6 Bxd6 27.
Rxd6 Ne8 28. Rd1 Nf6 29. f3 b6 30. Nb3 Nd7 31. Red2 Ne5 32. Rd8+ Rxd8 33. Rxd8+
Kg7 34. Nd2 c5 35. f4 Nd7 36. e5 Nf8 37. Rd6 Rb7 38. Ne4 Ne6 39. g3 h6 40. Kf2
Kf8 41. Ke3 Ke7 42. Nf6 Nc7 43. Rd7+ Ke6 44. Ke4 Ra7 45. g4 Ra4+ 46. b4 1-0

[Event "Julian Mazur Memorial"]
[Site "Wellington Chess Club"]
[Date "2012.11.08"]
[Round "2"]
[White "Dive, Russell"]
[Black "Stone, Andrew"]
[Result "1-0"]
[WhiteElo "2437"]
[BlackElo "2035"]

1. Nf3 c5 2. c4 Nc6 3. Nc3 g6 4. a3 Bg7 5. Rb1 d6 6. b4 Bf5 7. e4 cxb4 8. exf5
bxc3 9. fxg6 hxg6 10. Rxb7 Qc8 11. Rb5 Nd4 12. Nxd4 Bxd4 13. Be2 Rb8 14. Qa4
Rxb5 15. cxb5 Bb6 16. O-O Nf6 17. Bf3 Qc5 18. dxc3 Qxc3 19. Bg5 Qe5 20. h4 Kf8
21. Qb4 Bc5 22. Qd2 Qd4 23. Qa2 Nd7 24. g3 Ne5 25. Bd5 Qc3 26. Kg2 Qxa3 27. Qb1
Qd3 28. Qa2 Qa3 29. Qxa3 Bxa3 30. f4 Nd3 31. f5 gxf5 32. Rxf5 Ne5 33. Be3 e6
34. Bxe6 Ke7 35. Bd5 Rb8 36. Bg5+ Ke8 37. h5 Kf8 38. Bf6 Ng4 39. Bd4 Rxb5 40.
Rxf7+ Ke8 41. Be6 Ne5 42. Rh7 Bb2 43. Bxa7 Ra5 44. Be3 Ra3 45. Bg5 {Black lost
on time} 1-0

[Event "Julian Mazur Memorial"]
[Site "Wellington Chess Club"]
[Date "2012.11.08"]
[Round "2"]
[White "Farrington, Lawrence"]
[Black "Sknar, Andrew"]
[Result "1-0"]
[WhiteElo "1751"]
[BlackElo "1427"]

1. e4 e5 2. Nf3 d6 3. d4 Nd7 4. Nc3 a6 5. dxe5 dxe5 6. Bc4 b5 7. Bd5 (7. Bxf7+
Kxf7 8. Qd5+ Ke8 9. Ng5 Qf6 10. Qxa8 $18) 7... Rb8 8. Ng5 Nh6 9. Qf3 Nf6 10.
Bc6+ Bd7 11. Bxd7+ Qxd7 12. O-O Be7 13. Rd1 Qc6 14. h3 O-O 15. Qe2 b4 16. Nd5
Nxd5 17. exd5 Qg6 18. Ne4 f5 19. Bxh6 Qxh6 20. Nd2 e4 21. Nc4 Bd6 22. Nxd6 Qxd6
23. Qc4 Rfe8 24. Rd2 e3 25. fxe3 Rxe3 26. Rad1 Rbe8 27. Qf1 g6 28. Rd3 Re2 29.
R3d2 Qc5+ 30. Kh1 Qb5 31. Rxe2 Rxe2 32. d6 cxd6 33. Rxd6 Qe5 34. Rd1 a5 35. a3
Kg7 36. axb4 axb4 37. c3 b3 38. c4 Qxb2 39. c5 Rf2 40. Rd7+ Kh6 41. Qc4 Rf1+ $4
{What a shame!} 42. Qxf1 Qc2 43. Qf4+ 1-0

[Event "Julian Mazur Memorial"]
[Site "Wellington Chess Club"]
[Date "2012.11.08"]
[Round "2"]
[White "Forster, Bill"]
[Black "Stoeveken, Peter"]
[Result "1/2-1/2"]
[WhiteElo "2049"]
[BlackElo "1917"]

1. Nf3 Nf6 2. c4 c5 3. d4 cxd4 4. Nxd4 Nc6 5. Nc3 e5 6. Nc2 Bc5 7. e3 d6 8. a3
a6 9. b4 Bb6 10. Be2 Be6 11. O-O O-O 12. Rb1 d5 13. c5 Bc7 14. b5 axb5 15. Nxb5
Ne4 16. Nb4 Nxc5 17. Nxd5 Bxd5 18. Nxc7 Qxc7 19. Qxd5 Ne7 20. Qc4 Ra4 21. Rb4
{"Drawn by road works"} 1/2-1/2

[Event "Julian Mazur Memorial"]
[Site "Wellington Chess Club"]
[Date "2012.11.08"]
[Round "2"]
[White "Jackson, Ross"]
[Black "Roberts, Michael"]
[Result "0-1"]
[WhiteElo "2026"]
[BlackElo "1843"]

1. d4 Nf6 2. c4 g6 3. f3 d5 4. cxd5 Nxd5 5. e4 Nb6 6. Nc3 Bg7 7. Be3 O-O 8. Qd2
Nc6 9. Rd1 a6 10. f4 Bg4 11. Nf3 Bxf3 12. gxf3 Qd7 13. b3 e6 14. Bg2 Rad8 15.
Ne2 Qe7 16. e5 Nd5 17. Bf2 Bh6 18. Bg3 Nxe5 $1 19. dxe5 Nxf4 20. Nd4 Nxg2+ 21.
Qxg2 Qb4+ 22. Ke2 Rxd4 23. Rxd4 Qxd4 24. Rd1 Qb2+ 25. Kf1 Qxg2+ 26. Kxg2 Rc8
27. Rd3 Kf8 28. Rd4 Bg5 29. h4 Be7 30. Bf4 Ke8 31. Bg3 Rd8 32. Rc4 c5 33. Rc2
Rd5 34. f4 Kd7 35. Bf2 b6 36. b4 a5 37. bxa5 bxa5 38. Kf3 Kc6 39. Rb2 Rd7 40.
Be3 h5 41. Rc2 Rd3 42. Ke4 Ra3 43. Kf3 Ra4 44. Bf2 c4 45. Rb2 Rb4 46. Rc2 Bc5
47. Be1 Ra4 48. Ke4 Bb6 49. Kf3 Ra3+ 50. Kg2 Kd5 51. Rb2 Bd4 52. Rc2 c3 53. Kf3
f5 54. Bg3 Ra4 55. Be1 Kc4 56. Ke2 Rb4 57. Kd1 Kd3 58. Rc1 Rb2 59. Ra1 Be3 (
59... c2+ 60. Kc1 Rb5 {and mate follows} ) 60. Bxc3 Kxc3 61. a4 Rb3 62. Ke2
Bxf4 63. Rg1 Bxe5 64. Rxg6 Rb4 65. Rxe6 Rxa4 66. Kf2 Rf4+ 67. Kg3 Re4+ 0-1

[Event "Julian Mazur Memorial"]
[Site "Wellington Chess Club"]
[Date "2012.11.08"]
[Round "2"]
[White "Nijman, Brian"]
[Black "Frater, Dylan"]
[Result "1-0"]
[WhiteElo "2157"]
[BlackElo "1596"]

1. e4 c5 2. Nf3 d6 3. b3 e5 4. c3 a6 5. d4 exd4 6. cxd4 cxd4 7. Nxd4 Be7 8. Bb2
Nf6 9. Nd2 Bd7 10. Bd3 O-O 11. O-O Nc6 12. Nf5 Ne5 13. Nc4 Nxc4 14. Bxc4 b5 15.
Bd5 Rb8 16. Qd4 Re8 17. Nxe7+ Qxe7 18. f3 Qe5 19. Qd2 Qe7 20. Rfd1 Nxd5 21.
Qxd5 Be6 22. Qd4 f6 23. Qxd6 Qxd6 24. Rxd6 a5 25. Rc1 Rbd8 26. Rcd1 Rxd6 27.
Rxd6 Bf7 28. Kf2 Rc8 29. Ke3 h6 30. Kd2 Kf8 31. Bd4 Ke7 32. Rb6 Rd8 33. Ke3 Be8
34. Rb7+ Bd7 35. Bc5+ Ke8 36. Bb6 Ra8 37. Kd4 Ke7 38. e5 Ke6 39. exf6 gxf6 40.
Bc5 Ra6 41. Rb8 b4 42. Rb6+ Rxb6 43. Bxb6 a4 44. g3 axb3 45. axb3 Bc6 46. Bc5
Bd5 47. Bxb4 Bxb3 48. f4 Bd1 49. Ke3 Kd5 50. Bf8 Ke6 51. Bxh6 Kd5 52. Bg7 Ke6
53. Kf2 Kf7 54. Bh6 Kg6 55. Bf8 f5 56. Bc5 Kh5 57. Ke3 Bc2 58. Kd4 Kg6 59. h4
Bb3 60. Ke5 Ba4 61. h5+ Kxh5 62. Kxf5 {Not sure about some of those last moves,
but Black resigned here} 1-0

[Event "Julian Mazur Memorial"]
[Site "Wellington Chess Club"]
[Date "2012.11.08"]
[Round "2"]
[White "Sampathkumar, Shyamkumar"]
[Black "List, Robert"]
[Result "0-1"]
[WhiteElo "1301"]
[BlackElo "1539"]

1. e4 e6 2. Nf3 d5 3. exd5 Qxd5 4. Nc3 Qd8 5. a3 Nf6 6. Bc4 Nbd7 7. O-O a6 8.
Ba2 b5 9. d4 Nb6 10. h3 Bb7 11. Bb3 Bd6 12. Bg5 Be7 13. Bxf6 gxf6 14. Ne4 Bxe4
15. a4 bxa4 16. Bxa4+ Nxa4 17. Rxa4 Rg8 18. Nd2 Rxg2+ 19. Kh1 Qd6 20. Nf3 Bxf3
21. Qxf3 Qh2# 0-1

[Event "Julian Mazur Memorial"]
[Site "Wellington Chess Club"]
[Date "2012.11.08"]
[Round "2"]
[White "Stracy, Don"]
[Black "Sellen, Ian"]
[Result "0-1"]
[WhiteElo "1828"]
[BlackElo "2039"]

1. e4 e6 2. d4 d5 3. Nd2 Nf6 4. e5 Nfd7 5. f4 c5 6. c3 Nc6 7. Ndf3 Be7 8. Bd3
Qb6 9. Ne2 f6 10. O-O { Don spent about half his available time on this move}
10... O-O 11. Kh1 Qc7 12. a3 a5 13. b3 b6 14. Bd2 Ba6 15. Bxa6 Rxa6 16. Ng3
Raa8 17. Qe2 f5 18. Be3 Nd8 19. c4 cxd4 20. Nxd4 dxc4 21. bxc4 Rc8 22. Rfc1
{White offered a draw here, but as he was so short of time I meanly decided to
play on} 22... Nxe5 23. Nb5 Qb8 24. fxe5 f4 25. Bf2 fxg3 26. Bxg3 Bc5 27. Rc2
Nc6 28. a4 Rcd8 29. Re1 Rf5 30. Nd6 Nd4 31. Nxf5 Nxe2 32. Rcxe2 exf5 33. e6 Qb7
34. e7 Re8 35. Bh4 Kf7 36. Rf1 g6 37. Rd1 Bxe7 0-1

[Event "Julian Mazur Memorial"]
[Site "Wellington Chess Club"]
[Date "2012.11.08"]
[Round "2"]
[White "Timergazi, Layla"]
[Black "Aldridge, Alan"]
[Result "1/2-1/2"]
[WhiteElo "1755"]
[BlackElo "1959"]

1. d4 Nf6 2. c4 c5 3. d5 b5 4. cxb5 a6 5. b6 d6 6. Nc3 g6 7. e4 Bg7 8. Qa4+
Nfd7 9. Nf3 O-O 10. Be2 Qxb6 11. O-O Ne5 12. Nxe5 Bxe5 13. Qc2 f5 14. Bh6 Rf7
15. Na4 Qa5 16. Bd2 Qd8 17. Bc3 Bxc3 18. Nxc3 fxe4 19. Qxe4 Bf5 20. Qh4 Nd7 21.
Bg4 (21. g4 $1 {and Black has to play g5 to save the Bishop} 21... g5 22. Qxg5+
Bg6 $18) 21... Qf8 22. Rfe1 Re8 23. Ne4 Bxg4 24. Qxg4 Nb6 25. Qe6 Nc4 26. Ng5
Nxb2 27. Nxf7 Qxf7 28. Qxf7+ Kxf7 29. Re6 Na4 30. Re3 Rb8 31. Rae1 Rb7 32. Ra3
Rb4 33. Rae3 Rb7 {draw agreed, maybe because of the roadworks?} 1/2-1/2